000 01513nam2a2200253 4500
001 rc\2909014
005 20260315054126.0
035 _a(NLR Aleph) 007059845
090 _a13592840
_c13592840
100 _a20110805d1934 u y0rusy50 ca
101 0 _arus
102 _aRU
105 _ay z |||||
200 1 _aТехправила по переработке винограда в вино для дагестанских винколхозов и совхозов
210 _d1934
225 1 _aОтдел опытного виноделия
_vВып. 1
461 0 _1001rc\2909012
_12001#$aСерия популярных изданий$fНКЗ ДАССР. Науч.-исслед. ин-т экономики и орг. соцземледелия Дагестан. зонал. опыт. ст. по виноградарству и виноделию$v№ 4
_96274120
_aДагестанская опытная станция по виноградарству и виноделию (Дербент)
_cМахач-Кала
_d1934
_fНКЗ ДАССР. Науч.-исслед. ин-т экономики и орг. соцземледелия Дагестан. зонал. опыт. ст. по виноградарству и виноделию
_nДаггиз
_tСерия популярных изданий
_v№ 4
700 1 _aМогилянский
_bН.К.
701 1 _aБеликов
_bИ.Я.
801 0 _aRU
_bNLR
_gpsbo
801 1 _aRU
_bELAR
_2rusmarc
852 _aNLR
_j34-16/217
942 _cUNSPEC
980 _aNB